Language hacking German (Record no. 4528)

MARC details
000 -CABECERA
campo de control de longitud fija 02870cam a2200373 i 4500
001 - NÚMERO DE CONTROL
campo de control 23174457
005 - FECHA Y HORA DE LA ÚLTIMA TRANSACCIÓN
campo de control 20250327110716.0
008 - DATOS DE LONGITUD FIJA--INFORMACIÓN GENERAL
campo de control de longitud fija 230606t20162016enka 000 0 eng d
010 ## - NÚMERO DE CONTROL DE LA BIBLIOTECA DEL CONGRESO
Número de control de LC 2023289511
020 ## - NÚMERO INTERNACIONAL ESTÁNDAR DEL LIBRO
Número Internacional Estándar del Libro 9781473633155
Información calificativa (pbk.)
035 ## - NÚMERO DE CONTROL DEL SISTEMA
Número de control de sistema (OCoLC)ocn935196255
040 ## - FUENTE DE LA CATALOGACIÓN
Centro catalogador/agencia de origen BTCTA
Lengua de catalogación eng
Normas de descripción rda
Centro/agencia transcriptor BTCTA
Centro/agencia modificador BDX
-- IMR
-- OCLCO
-- IMR
-- ABG
-- FM0
-- OCLCO
-- OCLCF
-- OCLCO
-- OCL
-- VP@
-- OCLCQ
-- OCLCO
-- OCLCA
-- NZHWP
-- TL4
-- UX0
-- OCLCO
-- BYV
-- OCLCO
-- OQX
-- AU@
-- OCP
-- T7A
-- HRF
-- ILM
-- UOK
-- D9M
-- JDP
-- WAU
-- OCLCO
-- WAU
-- DLC
041 1# - CÓDIGO DE LENGUA
Código de lengua del texto/banda sonora o título independiente eng
042 ## - CÓDIGO DE AUTENTICACIÓN
Código de autenticación lccopycat
050 00 - SIGNATURA TOPOGRÁFICA DE LA BIBLIOTECA DEL CONGRESO
Número de clasificación PF3129.E5
Número de documento/Ítem L49 2016
100 ## - ENTRADA PRINCIPAL--NOMBRE DE PERSONA
Nombre de persona Lewis, Benny
Forma completa/desarrollada del nombre (Brendan Richard),
Término indicativo de función/relación author.
245 10 - MENCIÓN DE TÍTULO
Título Language hacking German
Resto del título : a conversation course for beginners
Mención de responsabilidad, etc. / Benny Lewis, the Irish polyglot.
246 3# - FORMA VARIANTE DE TÍTULO
Título propio/Titulo breve #Language hacking German
246 3# - FORMA VARIANTE DE TÍTULO
Título propio/Titulo breve Hashtag language hacking German
264 #1 - PRODUCCIÓN, PUBLICACIÓN, DISTRIBUCIÓN, FABRICACIÓN Y COPYRIGHT
Producción, publicación, distribución, fabricación y copyright London :
Nombre del de productor, editor, distribuidor, fabricante John Murray Learning,
Fecha de producción, publicación, distribución, fabricación o copyright [2016]
264 #4 - PRODUCCIÓN, PUBLICACIÓN, DISTRIBUCIÓN, FABRICACIÓN Y COPYRIGHT
Fecha de producción, publicación, distribución, fabricación o copyright ©2016
300 ## - DESCRIPCIÓN FÍSICA
Extensión xiii, 256 pages :
Otras características físicas illustrations ;
Dimensiones 24 cm.
385 ## - CARACTERÍSTICAS DE LA AUDIENCIA
Término para el público German, Students of
-- English speakers
Fuente lcdgt
490 1# - MENCIÓN DE SERIE
Mención de serie Teach yourself
500 ## - NOTA GENERAL
Nota general "Learn how to speak German-- with actual people-- right from the start!"
505 0# - NOTA DE CONTENIDO CON FORMATO
Nota de contenido con formato Talking about me — Asking about you — Solving communication problems — Describing your future plans — Talking about family and friends — Have some food, drink and conversation — Talking about yesterday … last week … a long time ago — It's been a while! — Describe it! — Having your first conversation.
520 ## - SUMARIO, ETC.
Sumario, etc. Language Hacking takes a modern approach to language learning and focuses on the conversations that learners need to master right away, rather than presenting language as a slow-moving series of building blocks. This means that you can have meaningful conversations right away, not after years of study. Incorporating the language hacks that Benny Lewis mastered while learning (as an adult) the 10 languages he now speaks, these courses help learners exponentially increase their language knowledge through clever shortcuts, memory techniques, and conversation strategies. The course consists of 9 units, each containing 3 conversations that culminate with a mission that learners complete and submit in the learner community that has been custom-created to accompany the course. There, learners give and get feedback to extend their learning beyond the pages of the book. It blends the best of technology and traditional learning so that learners can personalize their learning, get support from other learners, and rely on Benny's tried and tested methods for learning.
650 #0 - PUNTO DE ACCESO ADICIONAL DE MATERIA--TÉRMINO DE MATERIA
Término de materia o nombre geográfico como elemento de entrada German language
Subdivisión de forma Self-instruction.
650 #0 - PUNTO DE ACCESO ADICIONAL DE MATERIA--TÉRMINO DE MATERIA
Término de materia o nombre geográfico como elemento de entrada German language
Subdivisión de forma Textbooks for foreign speakers
Subdivisión general English.
9 (RLIN) 24643
655 #0 - TÉRMINO DE INDIZACIÓN--GÉNERO/FORMA
Datos o término principal de género/forma Self-instruction
9 (RLIN) 24883
830 #0 - PUNTO DE ACCESO ADICIONAL DE SERIE-TÍTULO UNIFORME
Título uniforme Teach yourself books.
856 42 - LOCALIZACIÓN Y ACCESO ELECTRÓNICOS
Identificador Uniforme del Recurso <a href="http://www.teachyourself.com/languagehacking">http://www.teachyourself.com/languagehacking</a>
942 ## - ELEMENTOS DE ENTRADA AGREGADA (KOHA)
Fuente del sistema de clasificación o colocación Clasificación de Library of Congress
Holdings
Estado de retiro Estado de pérdida Fuente del sistema de clasificación o colocación Estado dañado No para préstamo Biblioteca de origen Biblioteca actual Fecha de adquisición Total de préstamos Signatura topográfica completa Código de barras Fecha visto por última vez Número de copia Precio válido a partir de Tipo de ítem Koha
    Clasificación de Library of Congress     TBS Barcelona TBS Barcelona 11/03/2025   P-DE LEARN LEW B05872 11/03/2025 1 11/03/2025 Book

Powered by Koha